Detalles MARC
| 000 -LEADER |
| fixed length control field |
01804nam a2200409 a 4500 |
| 005 - FECHA ULTIMA MODIFICACION |
| control field |
20240507120916.0 |
| 008 - CAMPO DE CONTROL (LIBRO) |
| fixed length control field |
101001t1992||||ag f |||| 001 0 spa d |
| 020 ## - INTERNATIONAL STANDARD BOOK NUMBER |
| ISBN |
9509428167 |
| 041 ## - CODIGO DE IDIOMA |
| Código de idioma del texto/pista de sonido o título separado |
spa |
| 092 ## - SIGNATURA TOPOGRAFICA DEWEY LOCAL |
| número de clasificación |
152 |
| libristica |
77 |
| sección |
SCH |
| 100 1# - ENTRADA PRINCIPAL--NOMBRE PERSONAL |
| Nombre personal |
Schávelzon, José |
| 9 (RLIN) |
3778 |
| 245 ## - TITULO PROPIAMENTE DICHO |
| Título |
Psique. Cancerología. |
| Subtítulo y Título paralelo |
Psicología. Psicoterapia. Psicofarmacos / |
| Mención de responsabilidad y remanente de la transcripción de la portada |
José Schávelzon |
| 250 ## - MENCION DE EDICION |
| Mención de edición |
1a ed. |
| Mención de responsabilidad relacionada con la ed. |
Prólogo de Henry Laborit |
| 260 ## - PIE DE IMPRENTA |
| Lugar de publicación, distribución, etc |
Buenos Aires: |
| Nombre de la editorial, distribuidor, etc |
Científica Interamericana; |
| Fecha de publicación |
1992. |
| 300 ## - DESCRIPCION FISICA |
| Extension |
368 p. |
| 500 ## - NOTA GENERAL |
| Nota general |
Schavelzon, J. (1992). Psique. Cancerología. Psicología. Psicoterapia. Psicofarmacos. (1a ed.). Buenos Aires : Científica Interamericana. |
| 653 ## - TÉRMINO INDIZADO - PALABRAS CLAVES |
| Palabra clave |
Prevalencia de trastornos emocionales en pacientes con cáncer |
| 653 ## - TÉRMINO INDIZADO - PALABRAS CLAVES |
| Palabra clave |
Etiología. Facores que determinan la situación emocional |
| 653 ## - TÉRMINO INDIZADO - PALABRAS CLAVES |
| Palabra clave |
Sintomatología y tratamiento |
| 653 ## - TÉRMINO INDIZADO - PALABRAS CLAVES |
| Palabra clave |
Psicofármacos. Definición e historia |
| 653 ## - TÉRMINO INDIZADO - PALABRAS CLAVES |
| Palabra clave |
Psicofármacos. Clasificación |
| 653 ## - TÉRMINO INDIZADO - PALABRAS CLAVES |
| Palabra clave |
Concepto de inhibición en acción |
| 653 ## - TÉRMINO INDIZADO - PALABRAS CLAVES |
| Palabra clave |
Respuesta del paciente a la administración de un psicofármaco |
| 653 ## - TÉRMINO INDIZADO - PALABRAS CLAVES |
| Palabra clave |
Tratamiento de las nauseas y vómitos |
| 653 ## - TÉRMINO INDIZADO - PALABRAS CLAVES |
| Palabra clave |
Dolor |
| 653 ## - TÉRMINO INDIZADO - PALABRAS CLAVES |
| Palabra clave |
Desnutrición, anorexia y astenia |
| 653 ## - TÉRMINO INDIZADO - PALABRAS CLAVES |
| Palabra clave |
Psicoterapia y pasicofármacos en oncología |
| 653 ## - TÉRMINO INDIZADO - PALABRAS CLAVES |
| Palabra clave |
Información en cancerología. La comunicación |
| 653 ## - TÉRMINO INDIZADO - PALABRAS CLAVES |
| Palabra clave |
Desadaptación efectiva. Sexualidad y cáncer |
| 653 ## - TÉRMINO INDIZADO - PALABRAS CLAVES |
| Palabra clave |
Mitos. El contagio del cáncer. Los privilegios |
| 653 ## - TÉRMINO INDIZADO - PALABRAS CLAVES |
| Palabra clave |
Anexo 1: Los modelos de enfermedad |
| 653 ## - TÉRMINO INDIZADO - PALABRAS CLAVES |
| Palabra clave |
Anexo 2: El paciente que se queja de dolor y su entorno. |
| 653 ## - TÉRMINO INDIZADO - PALABRAS CLAVES |
| Palabra clave |
Anexo 3: El hombre como unidad psicosomática |
| 653 ## - TÉRMINO INDIZADO - PALABRAS CLAVES |
| Palabra clave |
Anexo 4: Un modelo psicosomático y psicosocial: Freud |
| 653 ## - TÉRMINO INDIZADO - PALABRAS CLAVES |
| Palabra clave |
Anexo 5: Personalidad premórbida y cáncer |
| 942 ## - ADDED ENTRY ELEMENTS (KOHA) |
| Source of classification or shelving scheme |
Dewey Decimal Classification |
| Item type |
Libros |